| 000 | 00518nam a2200181Ia 4500 | ||
|---|---|---|---|
| 003 | OSt | ||
| 005 | 20240319092347.0 | ||
| 008 | 210210b1928 xxu||||| |||| 00| 0 eng d | ||
| 040 | _cAL | ||
| 041 | _aHindi | ||
| 082 | _a869/151 | ||
| 100 |
_aPANDEY (Rupnarayan) _dरूपनारायण पांडेय _9155191 |
||
| 245 |
_aShanti kutir _b शान्ति - कुटीर |
||
| 260 |
_aBombay _bHindi Granth Ratnakar _c1928 |
||
| 690 |
_aHindi Fiction _9155194 |
||
| 906 | _a023950 | ||
| 942 |
_2ddc _cBK |
||
| 999 |
_c148915 _d148915 |
||